Top 10 La Liga Transfer records 2018 edition - Statistics

General Stats
  • This quiz has been taken 159 times
  • The average score is 6 of 10
Answer Stats
Season Transfer fee Answer % Correct
09/10 £80,000,000 Cristiano Ronaldo
94%
17/18 £200,000,000 Neymar
94%
13/14 £78,000,000 Gareth Bale
81%
17/18 £135,500,000 Ousmane Dembele
79%
17/18 £146,000,000 Philippe Coutinho
79%
14/15 £64,980,000 Luis Suarez
70%
14/15 £63,000,000 James Rodriguez
34%
14/15 £59,700,000 Angel Di Maria
29%
09/10 £60,900,000 Zlatan Ibrahimovic
28%
17/18 £58,000,000 Alvaro Morata
14%
No matching quizzes found
Score Distribution
Percent of People with Each Score
Percentile by Number Answered
Your Score History
You have not taken this quiz